| 000 | 00390cam a2200169ua 4500 | ||
|---|---|---|---|
| 020 | _cRs.40/- | ||
| 041 |
_aeng _h |
||
| 082 |
_a305.5122 _bGHU/CA |
||
| 100 | _aG>S. Ghurye, Ghure . | ||
| 245 | _aCaste and race in India | ||
| 260 |
_aBombay : _bpopular Prakashan, , _c1969. |
||
| 300 | _a504 ; . | ||
| 365 | _aRs.40/- | ||
| 504 | _a | ||
| 942 | _cBK | ||
| 999 |
_c11180 _d11180 |
||